Sports Quiz

Random Sports Quiz

Steelers Starting Roster Quiz Stats

 Plays Quiz not verified by Sporcle

Challenge
Share
Tweet
Embed
Score 0/22 Timer 05:00
0 Plays Today
Position % Correct
QBBen Roethlisberger
86.2%
WRAntonio Brown
79.3%
TEHeath Miller
72.4%
CMaurkice Pouncey
72.4%
OLBJames Harrison
70.7%
WRMike Wallace
69%
FBWill Johnson
63.8%
CBIke Taylor
63.8%
SSTroy Polamalu
63.8%
FSRyan Clark
62.1%
OLBLaMarr Woodley
60.3%
Position % Correct
MLBLawrence Timmons
58.6%
DEBrett Keisel
58.6%
HBJonathan Dwyer
53.4%
NTCasey Hampton
51.7%
RGDavid DeCastro
46.6%
MLBLarry Foote
46.6%
LTMax Starks
41.4%
LGRamon Foster
41.4%
DEZiggy Hood
37.9%
RTMike Adams
34.5%
CBKeenan Lewis
34.5%

You're not logged in!

Compare scores with friends on all Sporcle quizzes.
OR
Log In

You Might Also Like...

Show Comments

Extras

Top Quizzes Today


Score Distribution

Your Account Isn't Verified!

In order to create a playlist on Sporcle, you need to verify the email address you used during registration. Go to your Sporcle Settings to finish the process.

Report this User

Report this user for behavior that violates our Community Guidelines.

Details: